| 000 | 00609nam a22001937a 4500 | ||
|---|---|---|---|
| 005 | 20260219013913.0 | ||
| 008 | 220214b |||||||| |||| 00| 0 eng d | ||
| 020 | _a978-981-0697-67-9 | ||
| 040 | _cjhcsc | ||
| 082 | _a005.1 | ||
| 100 |
_910098 _aPaul J. Deitel _eAuthor |
||
| 245 |
_aJAVA HOW TO PROGRAM: EARLY OBJECTS _cPaul J. Deitel |
||
| 250 | _aEight Edition | ||
| 260 |
_aJurong Singapore _bPearson Education, inc _c2010 |
||
| 300 |
_axxxvii,1506pp _bill. |
||
| 500 | _aIncludes Bibliographical references and index | ||
| 650 | _2JAVA HOW TO PROGRAM: EARLY OBJECTS | ||
| 942 |
_2ddc _cBOOK _e8th edition |
||
| 999 |
_c11349 _d11349 |
||